Datum a čas kvízu
24
Celkem bodů
Celkový počet nahraných bodů na tomto kvízu bez doplňovacích otázek.
5.
Pořadí na kvízu
Konečné umístění týmu na tomto kvízu.
Zaznamenané odpovědi
| # | Otázka | Odpověď | Body | Výsledky |
|---|---|---|---|---|
| 1. | Ve středu jsme si prostřednict... | B) beze spěchu | 0 | |
| 2. | Aprílové žerty jsou populární... | Volkswagen | 0 | |
| 3. | V úterý začal vysílat v Česku... | Warner TV | 0 | |
| 4. | Český ministr zemědělství naří... | sbírat lesní klest | 1 | |
| 5. | Ve středu odstartoval ve Spoje... | bronzové medaile | 1 | |
| 6. | Zobrazený anglický lékař roku... | William Harvey | 0 | |
| 7. | Ve kterém orgánu lidského těla... | ve slezině | 0 | |
| 8. | Vyberte pravdivé tvrzení: | D | 1 | |
| 9. | Hemofilie je geneticky podmíně... | Alexej; chromozom X | 0 | |
| 10. | Někteří bezobratlí živočichové... | hemolymfa; krvomíza | 0 |